000 00299nam a22001337a 4500
008 190222b xxu||||| |||| 00| 0 eng d
020 _a9780815101031
041 _aeng
080 _a610.73
100 _a1
101 _aINF
245 _aOperating Room Technique
_cAtkinson, L.J
942 _2udc
_cBK
999 _c54113
_d54113